000 00796nam a2200229 a 4500
999 _c4577
_d4577
005 20200104041551.0
008 140115b2004 ck ||||| |||| 00| 0 spa d
040 _aCO-BoIAVH
_cCO-BoIAVH
041 0 _aspa
044 _ack
090 _aEA
_b00085
110 _aCorporación Autónoma Regional del Guavío
_bCorporación Autónoma Regional del Guavio
245 0 0 _aAventuras por el Guavio
260 _aGachalá (Cundinamarca, Colombia) :
_bCorpoguavio,
_c2004.
300 _a64 páginas :
_bilustraciones ;
_c22 x 28 cm.
504 _aIncluye referencias bibliográficas.
650 1 6 _aEducación ambiental
650 2 6 _aConservación de los recursos
650 2 6 _aCuencas hidrográficas
650 2 6 _aLegislación ambiental
942 _cLIBRO
_2z